Google-Jahresrückblick 2025 (Serien) - Statistiken

Allgemein
  • Dieses Quiz wurde 43 mal gespielt
  • Das Durchschnittsergebnis liegt bei 5 aus 10
Antwortstatistiken
Bildquiz Hint Antwort % Korrekt
Netflix Wednesday
97%
Netflix Squid Game
89%
Amazon Prime Maxton Hall
63%
Amazon Prime The Summer I Turned Pretty
50%
Netflix Ginny And Georgia
45%
Netflix Adolescence
42%
Netflix Monster
26%
Netflix Cassandra
21%
WOW The White Lotus
18%
Disney+ Good American Family
8%
Keine übereinstimmenden Quizze gefunden
Verteilung der Resultate
Anzahl Personen mit jedem Resultat
Perzentil nach korrekt beantworteten Fragen
Ihre Resultats-Entwicklung
Sie haben dieses Quiz noch nicht gespielt